| 000 | 00433nam a2200157 a 4500 | ||
|---|---|---|---|
| 001 | 000031761 | ||
| 005 | 20200930063147.0 | ||
| 008 | 110701s1988 dr 000 0 spa d | ||
| 040 |
_aDO-SdBNP _bspa _cBNPHU |
||
| 245 | 0 | 3 | _aPresiones físicas y sicológicas. |
| 260 |
_aSanto Domingo : _bCOPADEBA, _c1988 _fEditora Amigo del Hogar |
||
| 300 |
_a22 p. ; _c22 cm. |
||
| 490 | 1 |
_aManual _v4 |
|
| 830 | 0 |
_aManual _v4 _957996 |
|
| 049 | _aBNPD | ||
| 999 |
_c31253 _d31253 |
||